000 00295nam a2200109Ia 4500
008 201223s9999 xx 000 0 und d
100 _aSrinivas, B.
245 0 _aWorker Takeover in Industry : (The) Kamani Tubes Expreiment
260 _aNew Delhi
_bSage Publications
300 _a220
942 _cBK
999 _c8607
_d8607